| 000 | 00912nmm a2200265 a 4500 | ||
|---|---|---|---|
| 001 | ocm000716574 | ||
| 003 | TR-IsHL | ||
| 005 | 20201028153426.0 | ||
| 008 | 140402s1996 tu tur | ||
| 007 | cr cn | ||
| 020 | _a9789755201351 | ||
| 035 |
_a716574 _b(N$T) |
||
| 050 | 0 | 4 |
_aJC575 _b.T33 1996 |
| 090 | 0 | 4 |
_aJC575 _b.T33 1996 |
| 100 | 1 | _aTacar, Pulat | |
| 245 | 1 | 0 |
_aKültürel haklar: dünyadaki uygulamalar ve Türkiye için bir model önerisi _h[electronic resource] / _cPulat Tacar |
| 260 |
_aAnkara : _bGündogan Yayınları, _c1996 |
||
| 300 | _a152 p. | ||
| 650 | 4 | _aSosyoloji | |
| 650 | 4 | _aSociology | |
| 650 | 0 |
_aAzınlıklar _x Yasal durum, Kanun ve tüzükler vb. |
|
| 650 | 0 |
_aMinorities _x Legal status, laws, etc. |
|
| 650 | 7 |
_aSOCIAL SCIENCE / Minority Studies _2bisacsh |
|
| 856 | 4 | 0 | _uhttp://search.ebscohost.com/login.aspx?direct=true&scope=site&db=e011xww&AN=716574 |
| 999 |
_c12041 _d12041 |
||